000 00479nam a22001817a 4500
003 OSt
005 20251121102340.0
008 251121b |||||||| |||| 00| 0 eng d
020 _a9966821708
040 _aSEKU
050 _aKSK 18
_b.A2K46 2015
100 _aTerer, Long'et
245 _aKenya law reports 2015
260 _aNairobi:Kenya:
_bNational Council for Law Reporting,
_c2015.
300 _a746.p.:
650 _aLaw
_vLaw reports
_xDigest
_zKenya
942 _2lcc
_cGEN
999 _c18661
_d18661